000 00877nam a2200277Ia 4500
001 Para_8065
003 CHAP
008 220125s9999 xx 000 0 und d
010 _a206970
040 _cCHAP
082 _aPA-C 595.75 H4
100 _aBall, E.D.
_9167098
245 _aThe life cycle in hemiptera (Excluding aphids and coccids ) /
_c by E.D. Ball
300 _a10 p.
440 _aHemiptera; 13
_9173248
500 _aSobretiro de : Ann. Ent. Soc. Am. 13 (2): 142-151, 1920. Encuadernado con otros impresos similares
650 _a
_x Hemípteros
_x colecciones de escritos
_9172883
710 _aAnnals of the Entomological Society of America 13 (2)
_9173389
901 _aPA-C 595.75 H4
902 _aA
905 _a000000 a 0000000000 00
910 _a
942 _cPARA
942 _cPARA
_d1
999 _c206970
_d206970